| 000 | 01640cam a22004574i 4500 | ||
|---|---|---|---|
| 003 | PE-LiUPU | ||
| 005 | 20250731173550.0 | ||
| 008 | 150616s1995 xxu r 000 0 eng d | ||
| 020 | _a0802492673 | ||
| 035 | _a(Sirsi) i9780802492678 | ||
| 040 |
_aPE-LiUPU _bspa _cPE-LiUPU _erda |
||
| 049 | _aPRUA | ||
| 082 | 0 | 4 |
_a228.077 _bT48R _221 |
| 100 | 1 |
_aThomas, Robert L., _eautor. |
|
| 245 | 1 | 0 |
_aRevelation 8-22 : _bAn Exegetical Commentary / _cRobert L. Thomas. |
| 264 | 1 |
_aChicago : _bMoody Press, _c1995. |
|
| 300 |
_a690 páginas ; _c24 centímetros |
||
| 336 |
_atext _2rdacontent |
||
| 337 |
_aunmediated _2rdamedia |
||
| 338 |
_avolume _2rdacarrier |
||
| 505 | 0 | _aThe seventh seal and the first six trumpets -- Preface to the seventh trumpet -- The seventh trumpet and background of the seven bowls begun -- etc. | |
| 526 | _aSEG42 | ||
| 526 | _aSEG41 | ||
| 526 | _aSEG40 | ||
| 526 | _aSEG39 | ||
| 526 | _aP94 | ||
| 526 | _aP87 | ||
| 526 | _aP86 | ||
| 526 | _aP85 | ||
| 526 | _aP77 | ||
| 526 | _aP76 | ||
| 526 | _aP35 | ||
| 630 |
_aBiblia. _pN.T. _pApocalipsis _xComentarios. |
||
| 910 |
_ajck _bjvq _cjck |
||
| 942 |
_2ddc _cBOOK |
||
| 949 |
_a228.077 T48R _wDEWEY _c1 _i43076 _d2016-6-17 _e2016-6-17 _lCCODEBUL1 _mBUL _n2 _r0 _sY _tBOOK _u2015-6-16 _xTEOLOGIA _zUNKNOWN _0COMPRA _o.STAFF. Colección Teología |
||
| 994 |
_aC0 _bPEPRU |
||
| 596 | _a1 | ||
| 999 |
_a228.077 T48R _wDEWEY _c61051 _i43076 _d61051 _e2019-1-17 _f2021-11-11 _g5 _lCCODEBUL1 _mBUL _n4 _p20.00 _q15 _r0 _sY _tBOOK _u2015-6-16 _xTEOLOGIA _PP35 _0COMPRA _o.STAFF. Colección Teología |
||
| 980 |
_81 _gALBERTO SANCHEZ Responsable de Automatización |
||